Quizzes
Events
Quiz Creation
Community
Videos
Private Events
Remove Ads
Sign In
Join for FREE
Feedback
Dark Mode
Quiz Categories
Sports
Geography
Music
Movies
Television
Just For Fun
Miscellaneous
History
Literature
Language
Science
Gaming
Entertainment
Religion
Holiday
For Kids
Quiz Lab
Recent
Popular Today
Quiz Kudos Today
Editor Picks
Curator Picks
Quizzes by...
Day
Popularity
Type
Ratings
Length
Year
Community
Subscriptions
Recent Discussions
Orange Saloon
Badges
Playlists
Quests
Create
Leaderboards
Showdown
Live 5
Trivia Bingo
Activity
Puzzle Library
Sporcle Events
Private Events
Virtual Trivia
Globe League
Become a Host
Pub Owners
SporcleCon
Opinionation
Our Games
Videos
Blog
Mobile Apps
Partnerships
Remove Ads and Go Orange
Feedback
Music
Pop Music
The Beatles
Song
Album
Lyrics
Bands
Singers
Artist
Clip
Rock
Rap
Classical
Billboard
Country Music
Kpop
Taylor Swift
Music
Pop Music
The Beatles
Song
Album
Lyrics
Bands
Singers
Artist
Clip
Rock
Rap
Classical
Billboard
Country Music
Kpop
Taylor Swift
Random Quiz
Search Sporcle
×
Quiz Lab
Quiz Lab
Music
Pop Music
Type in answers that appear in a list
Type in answers that appear in a list
Classic
Best Score? Go Orange.
UK Top 5 Hits (Colour Titles) Stats
Can you name the UK top 5 hits, whose titles contain the words red, yellow, blue or green??
By
ChartFreak
12m
44 Questions
182 Plays
182 Plays
182 Plays
Comments
Comments
Give Quiz Kudos
Give Quiz Kudos
-
- Ratings
hide this ad
Replay
Link that replays current quiz
Next Quiz
Link to next quiz in quiz playlist
You Got
0%
They Got
Avg Score
37%
Avg Friend Score
Upgrade to see
Score Distribution
Jump to the score distribution portion of the page
Score
0/44
Timer
12:00
0
Plays Today
Act
Single
% Correct
Coldplay
Yellow
93.4%
Eiffel 65
Blue (Da Ba Dee)
92.9%
Daniel Merriweather
Red
90.7%
UB40
Red, Red Wine
80.2%
Nena
99 Red Balloons
76.4%
New Order
Blue Monday 1988
73.1%
Beatles
Yellow Submarine
72%
Chris DeBurgh
The Lady In Red
68.7%
Madonna
True Blue
59.3%
Frankie Vaughan
The Green Door
55.5%
Shakin' Stevens
Green Door
55.5%
Prince
Little Red Corvette
51.1%
Tom Jones
Green, Green Grass Of Home
49.5%
Dawn feat. Tony Orlando
Tie a Yellow Ribbon 'Round The Ole Oak Tree
48.4%
Manchester United Football Squad 1994
Come On You Reds
45.1%
Bobby Vinton
Blue Velvet
44%
Chelsea Football Team 1972
Blue Is The Colour
41.8%
Wiz Khalifa
Black And Yellow
41.2%
Sugababes
Red Dress
36.8%
Basement Jaxx
Red Alert
34.1%
Christie
Yellow River
33.5%
Bombalurina
Itsy Bitsy Teenie Weenie Yellow Polka Dot Bikini
33.5%
Act
Single
% Correct
The Marcels
Blue Moon
33%
Erasure
Blue Savannah
32.4%
Ultrabeat
Pretty Green Eyes
32.4%
Billy Ocean
Red Light Spells Danger
31.3%
Crystal Gayle
Don't It Make My Brown Eyes Blue
31.3%
Steps
Deeper Shade Of Blue
29.1%
Rolling Stones
Little Red Rooster
26.9%
Roll Deep
Green Light
26.4%
Professor Green feat. Lily Allen
Just Be Good To Green
22.5%
Dorothy Moore
Misty Blue
16.5%
Kylie Minogue
Red Blooded Woman
15.4%
Roy Orbison
Blue Bayou
13.7%
Don Partridge
Blue Eyes
13.2%
The Drifters
You're More Than a Number In My Little Red Book
11.5%
Johnny and The Hurricanes
Red River Rock
9.9%
Ronnie Carroll
Roses Are Red (My Love)
8.2%
Mitch Miller
The Yellow Rose Of Texas
7.7%
Guy Mitchell
She Wears Red Feathers
6.6%
The Hotshots
Snoopy vs. The Red Baron
6.6%
Mark Wynter
Venus In Blue Jeans
6.6%
Craig Douglas
Pretty Blue Eyes
2.2%
Cyril Stapleton Orchestra & Julie Dawn
Blue Star (The 'Medic' Theme)
1.1%
Quiz Playlist
Details
Report
Send in Message
Add To Playlist
Classic:
Type in answers that appear in a list
Last Updated: Feb 16, 2017
Quiz Scoreboard
CHALLENGE
Sign Up to Join the Scoreboard
Show All
Scores
Hide
Comments
May contain spoilers
Recently Published
Billboard Blitz: Fleetwood Mac
by CooCooCachoo
Music
15s
Presidents Visiting Landmarks
by Hejman
History
7m
An Introduction to Baseball
by treessimontrees
Sports
5m
More to Explore
Quiz From the Vault
Featured Blog Post
Where Did the Easter Bunny Come From?
hide this ad
You Might Also Like...
Tags
Color Quiz
Pop Music Quiz
blue
green
Hit Singles
Red
Song Title
Top 40
Top 5
UK Charts
Yellow
Today's Top Quizzes in Music
Browse Music
hide this ad
Today's Top Quizzes in Pop Music
Browse Pop Music
Top Contributed Quizzes in Music
1
Taylor Swift All Songs (2024)
2
Guess the Artist- 70s Songs
3
7-to-1: Billboard Hot 100 #1 Hits of 2010s
4
Sorting Albums and Songs
5
Taylor Swift Logic Puzzle
6
KPOP LOGIC QUIZ
7
One Thing in Common: Music
8
Guess the Taylor Swift song (Mystery Song)
9
2010s Album by Cover III
10
Guess The Taylor Swift Lyrics Song #1
Explore More
Trending Topics
Crossword
Harry Potter
Anime
Disney
NBA
Kpop
Marvel
The Office
Puzzle
Pokémon
NFL
Soccer
WWE
Country
Song
hide this ad
More By:
ChartFreak
Quiz
Plays
Rating
Category
Featured
Created
Top 100 Best Selling Singles Acts of All-time (UK)
4,818
4.88
Music
Jan 18, 2014
EastEnders Original Characters (1985) (mapped)
4,488
4.75
Television
Dec 27, 2014
UK Top 100 Singles 1990-1999
3,060
4.73
Music
Feb 5, 2014
Madonna Top 40 Hits (UK)
2,761
4.48
Music
Apr 11, 2011
Top 100 biggest album acts of the 1990s (UK)
1,856
4.92
Music
Oct 27, 2013
Go to Creator's Profile
Score Distribution
Quiz Creator Spotlight
ChartFreak
Follow
Send a Message
Quizzes Created
-
Created Quiz Play Count
-
More By This Creator
Popular Quizzes Today
1
Find the US States - No Outlines Minefield
2
Find the Countries of Europe - No Outlines Minefield
3
The Countries of the World
4
Find the US States
5
Risky Map Clicking: Biggest States A-Z
6
US States
7
Popular People in 1961
8
Movies - When Are They Set?
More Music Quizzes
Taylor Swift 'Snow On the Beach' Lyrics
Quiz Lab
Trending Quizzes
Risky Map Clicking: Least Populous States A-Z
1-10 Letter G Words
1-10 Letter F Words
Risky Map Clicking: Next State Alphabetically
Click the Washington State Counties! (Map)
Recently Updated
Leaping Animals
pecheneg
Reality TV Shows (A-Z)
bhenderson79
Rickey Henderson's Hall of Fame Teammates
pecheneg
Champions League XIs: Arsenal
pecheneg
Quick Pick: Celebrities in WWE's Hall of Fame
aduchscher
A-Z Keypad Blitz II
pecheneg
Multiple Oscar Actors
pecheneg
Mystery Phrase Blitz: Oscar 'Best Actors'
pecheneg
F. Scott Fitzgerald Novels
LTH
Pick 3 Villains
ddd62291
Trending Topics
Harry Potter
Anime
Crossword
NBA
Kpop
Marvel
Disney
Pokémon
Song
Puzzle
Country
WWE
Soccer
The Office
NFL
Your Account Isn't Verified!
In order to create a playlist on Sporcle, you need to verify the email address you used during registration. Go to your
Sporcle Settings
to finish the process.
Report this User
Report this user for behavior that violates our
Community Guidelines
.
Details:
Send Report
Go to the Sporcle.com Mobile Site →
Comments